| 000 | 00500nam a2200205Ia 4500 | ||
|---|---|---|---|
| 003 | GCL | ||
| 008 | 140319s9999 xx 000 0 eng d | ||
| 040 |
_aGCL / _cGCL |
||
| 082 | 0 | 4 |
_a004.6 _bS U |
| 100 | 1 | _aSADLER, WILL | |
| 245 | 1 | 0 |
_aUSING INTERNET E-MAIL / _cSADLER, WILL |
| 700 | 1 | _aBERDNDTS, ANDREW | |
| 700 | 1 | _aCHILDS, MELODY | |
| 260 |
_a[S.N] : _bQUE ، _c1995 |
||
| 300 | _a667 | ||
| 650 | 0 | 4 | _aشعر الحرب |
| 650 | 0 | 4 | _aCOMMUNICATION |
| 650 | 0 | 4 | _aINTERNET |
| 942 |
_2ddc _cBK |
||
| 999 |
_c10939 _d10939 |
||